000 00821cam a2200265I 4500
001 2225
003 BD-RjUL
005 20211208233515.0
008 131210s1962 maua b 00100 eng
035 _a(BD-RjUL)2252
040 _aDLC
_cWSU
_dSER
_dBOS
_dBD-RjUL
_beng
041 _aeng
082 _2330.1
_bJOM
090 _aHD82
_b.F629
100 1 _aJohnson, Harry G.
_q(Harry Gordon),
_d1923-1977.
_95795
245 1 0 _aMoney, trade and economic growth:
_bsurvey lectures in economic theory /
_cHarry G Johnson
260 _aCambridge:
_bHarvard University Press,
_cc1962.
300 _a199 p. :
_billus. ;
_c24 cm.
504 _aIncludes bibliographyand index
650 0 _aEconomic policy.
_97254
650 0 _aCommercial policy.
_96899
650 0 _aMonetary policy.
_97255
942 _2ddc
_cBK
999 _c2225
_d2225